<?xml version="1.0" encoding="UTF-8"?>
<record
    xmlns:xsi="http://www.w3.org/2001/XMLSchema-instance"
    xsi:schemaLocation="http://www.loc.gov/MARC21/slim http://www.loc.gov/standards/marcxml/schema/MARC21slim.xsd"
    xmlns="http://www.loc.gov/MARC21/slim">

  <leader>01301nab a2200229 i 4500</leader>
  <controlfield tag="001">BPP</controlfield>
  <controlfield tag="003">BPK</controlfield>
  <controlfield tag="005">20160604115517.0</controlfield>
  <controlfield tag="008">160112s1974    pl  |  |     |000 ||pol</controlfield>
  <datafield tag="040" ind1=" " ind2=" ">
    <subfield code="c">BPK</subfield>
  </datafield>
  <datafield tag="080" ind1=" " ind2=" ">
    <subfield code="a">796.012</subfield>
  </datafield>
  <datafield tag="100" ind1=" " ind2=" ">
    <subfield code="a">WIELGUS, Czes&#x142;aw.</subfield>
    <subfield code="d">1972 - 1981.</subfield>
    <subfield code="b">Wy&#x17C;sza Szko&#x142;a In&#x17C;ynierska w Koszalinie - Studium Wychowania Fizycznego i Sportu</subfield>
  </datafield>
  <datafield tag="245" ind1=" " ind2=" ">
    <subfield code="a">Wyniki bada&#x144; stanu rozwoju fizycznego student&#xF3;w Wydzia&#x142;u Budownictwa L&#x105;dowego Wy&#x17C;szej Szko&#x142;y In&#x17C;ynierskiej w Koszalinie /</subfield>
    <subfield code="c">Czes&#x142;aw Wielgus, Leszek Wojciechowski.</subfield>
  </datafield>
  <datafield tag="260" ind1=" " ind2=" ">
    <subfield code="c">1974.</subfield>
  </datafield>
  <datafield tag="500" ind1=" " ind2=" ">
    <subfield code="a">Dane z autopsji.</subfield>
  </datafield>
  <datafield tag="520" ind1=" " ind2=" ">
    <subfield code="a">Celem niniejszej pracy jest przedstawienie rozwoju fizycznego m&#x142;odzie&#x17C;y rozpoczynaj&#x105;cej studia na Wydziale Budownictwa L&#x105;dowego w oparciu o pomiary: wagi, wzrostu, obwodu klatki piersiowej przy wydechu i wdechu, obwodu ramienia i uda.</subfield>
  </datafield>
  <datafield tag="650" ind1=" " ind2="0">
    <subfield code="a">M&#x142;odzie&#x17C; - rozw&#xF3;j fizyczny.</subfield>
  </datafield>
  <datafield tag="650" ind1=" " ind2="0">
    <subfield code="a">Wychowanie fizyczne - szko&#x142;y wy&#x17C;sze.</subfield>
  </datafield>
  <datafield tag="773" ind1=" " ind2=" ">
    <subfield code="i">W :</subfield>
    <subfield code="t">Zeszyty Naukowe Wy&#x17C;szej Szko&#x142;y In&#x17C;ynierskiej w Koszalinie. Prace Studi&#xF3;w Wychowania Fizycznego i Sportu Uczelni Technicznych. -</subfield>
    <subfield code="g">1974, nr 2, s. 79-83</subfield>
  </datafield>
  <datafield tag="700" ind1=" " ind2=" ">
    <subfield code="a">WOJCIECHOWSKI, Leszek.</subfield>
    <subfield code="d">1968 - 1996.</subfield>
    <subfield code="b">Wy&#x17C;sza Szko&#x142;a In&#x17C;ynierska w Koszalinie - Studium Wychowania Fizycznego i Sportu</subfield>
  </datafield>
  <datafield tag="942" ind1=" " ind2=" ">
    <subfield code="c">ART</subfield>
    <subfield code="2">UKD</subfield>
  </datafield>
  <datafield tag="999" ind1=" " ind2=" ">
    <subfield code="c">5184</subfield>
    <subfield code="d">5184</subfield>
  </datafield>
  <datafield tag="952" ind1=" " ind2=" ">
    <subfield code="0">0</subfield>
    <subfield code="1">0</subfield>
    <subfield code="4">0</subfield>
    <subfield code="7">0</subfield>
    <subfield code="a">BPK</subfield>
    <subfield code="b">BPK</subfield>
    <subfield code="o">0153</subfield>
    <subfield code="y">ART</subfield>
  </datafield>
</record>
